[Event "Goch op 24th"]
[Site "Goch"]
[Date "2013.09.07"]
[Round "5"]
[White "Van der Valk, Niklas"]
[Black "Bender, Andreas"]
[Result "1/2-1/2"]
[WhiteElo "2119"]
[BlackElo "1886"]
[PlyCount "69"]
[EventDate "2013.09.05"]
[EventType "swiss"]
[EventRounds "7"]
[EventCountry "GER"]
[SourceTitle "EXT 2015"]
[Source "ChessBase"]
[SourceDate "2014.11.20"]
[SourceVersion "1"]
[SourceVersionDate "2014.11.20"]
[SourceQuality "1"]

1. d4 Nf6 2. c4 g6 3. Nc3 Bg7 4. e4 d6 5. Nf3 0-0 6. Be2 Na6 7. 0-0 e5 8. Be3 Ng4 9. Bg5 Qe8 10. h3 Nf6 11. dxe5 dxe5 12. a3 Nc5 13. Qc2 c6 14. Be3 Nfd7 15. b4 Ne6 16. Rfd1 f5 17. c5 f4 18. Bc1 Nd4 19. Bc4+ Kh8 20. Qd3 g5 21. Bb2 h5 22. Nxg5 Bf6 23. Nf3 Qg6 24. Kh1 b6 25. cxb6 axb6 26. Ne2 c5 27. Bd5 Ba6 28. Bc4 Rg8 29. Rg1 Bxc4 30. Qxc4 Qxe4 31. Nexd4 cxd4 32. Qe6 Rg7 33. Rac1 Rag8 34. Qc6 Qf5 35. Rce1 1/2-1/2

[Event "Goch op 24th"]
[Site "Goch"]
[Date "2013.09.05"]
[Round "1"]
[White "Hintze, Helge"]
[Black "Bender, Andreas"]
[Result "1-0"]
[WhiteElo "2330"]
[BlackElo "1886"]
[PlyCount "51"]
[EventDate "2013.09.05"]
[EventType "swiss"]
[EventRounds "7"]
[EventCountry "GER"]
[SourceTitle "EXT 2015"]
[Source "ChessBase"]
[SourceDate "2014.11.20"]
[SourceVersion "1"]
[SourceVersionDate "2014.11.20"]
[SourceQuality "1"]

1. Nf3 Nf6 2. c4 g6 3. Nc3 Bg7 4. e4 d6 5. d4 0-0 6. Be2 Na6 7. Be3 Ng4 8. Bg5 h6 9. Bh4 c5 10. d5 Qa5 11. Nd2 Nf6 12. Nb3 Qb4 13. 0-0 Nc7 14. f4 Re8 15. Be1 Qb6 16. Na4 Qa6 17. Nc3 Bd7 18. e5 Nh7 19. Bg3 b5 20. cxb5 Nxb5 21. Qd3 Rab8 22. e6 fxe6 23. dxe6 Bxe6 24. Nxb5 c4 25. Qe3 Bf7 26. Nc7 1-0

[Event "GER-chT U16"]
[Site "Naumburg"]
[Date "2010.12.29"]
[Round "5.1"]
[White "Bender, Andreas"]
[Black "Hinrichs, Jan"]
[Result "0-1"]
[WhiteElo "1912"]
[BlackElo "1885"]
[PlyCount "98"]
[EventDate "2010.12.27"]
[EventType "team-swiss"]
[EventRounds "7"]
[EventCountry "GER"]
[SourceTitle "CBM 140 Extra"]
[Source "ChessBase"]
[SourceDate "2011.03.01"]
[SourceVersion "1"]
[SourceVersionDate "2011.03.01"]
[SourceQuality "1"]
[WhiteTeam "Heinsberg"]
[BlackTeam "Hamburger SK"]
[WhiteTeamCountry "GER"]
[BlackTeamCountry "GER"]

1. d4 Nf6 2. Nf3 d5 3. c4 e6 4. Nc3 c5 5. cxd5 exd5 6. g3 Nc6 7. Bg2 Be7 8. 0-0 0-0 9. Bg5 cxd4 10. Nxd4 h6 11. Bf4 Be6 12. Rc1 Rc8 13. Nxc6 bxc6 14. Qc2 Qa5 15. Rfd1 Rfd8 16. a3 c5 17. Qd2 Qb6 18. h4 d4 19. Ne4 Bb3 20. Re1 c4 21. Nxf6+ Bxf6 22. Qb4 Qxb4 23. axb4 g5 24. hxg5 hxg5 25. Bd2 c3 26. bxc3 dxc3 27. Be3 c2 28. Be4 Bb2 29. Bxg5 Rd1 30. Kf1 Bxc1 31. Bxc1 Rcd8 32. Bd3 Be6 33. f4 Bf5 34. Bxf5 Rxe1+ 35. Kxe1 Rd1+ 36. Kf2 Rxc1 37. Ke3 Rb1 38. Bxc2 Rxb4 39. Kd3 a5 40. Kc3 Kf8 41. e4 Ke7 42. g4 f6 43. Kd3 a4 44. Kc3 a3 45. Kxb4 a2 46. e5 fxe5 47. fxe5 a1Q 48. Be4 Qxe5 49. Kc4 Ke6 0-1

[Event "GER-chT U16"]
[Site "Naumburg"]
[Date "2010.12.28"]
[Round "3.1"]
[White "Bender, Andreas"]
[Black "Wenninger, Philipp"]
[Result "1/2-1/2"]
[WhiteElo "1912"]
[BlackElo "2133"]
[PlyCount "73"]
[EventDate "2010.12.27"]
[EventType "team-swiss"]
[EventRounds "7"]
[EventCountry "GER"]
[SourceTitle "CBM 140 Extra"]
[Source "ChessBase"]
[SourceDate "2011.03.01"]
[SourceVersion "1"]
[SourceVersionDate "2011.03.01"]
[SourceQuality "1"]
[WhiteTeam "Heinsberg"]
[BlackTeam "Heilbronn"]
[WhiteTeamCountry "GER"]
[BlackTeamCountry "GER"]

1. d4 c6 2. Nf3 d5 3. c4 Nf6 4. Nc3 a6 5. cxd5 cxd5 6. Bf4 Nc6 7. e3 Bf5 8. a3 e6 9. Bd3 Bxd3 10. Qxd3 Bd6 11. Bxd6 Qxd6 12. 0-0 0-0 13. Rac1 b5 14. a4 b4 15. Ne2 Rfc8 16. Rc2 Na5 17. b3 Rxc2 18. Qxc2 Qc6 19. Qxc6 Nxc6 20. Nd2 Kf8 21. Rc1 Rc8 22. Nf4 Nd7 23. Nd3 a5 24. Kf1 Ke7 25. Ke2 f6 26. f4 Kd6 27. Nf3 Re8 28. Kd2 Rf8 29. Ke2 h6 30. h4 Rg8 31. h5 Re8 32. Nh4 Rc8 33. Kf2 Ne7 34. Rxc8 Nxc8 35. Ng6 Ncb6 36. Ke2 Nc8 37. g4 1/2-1/2

[Event "Goch op 20th"]
[Site "Goch"]
[Date "2009.10.02"]
[Round "3"]
[White "Bender, Andreas"]
[Black "Immel, John Christian"]
[Result "1/2-1/2"]
[WhiteElo "1832"]
[BlackElo "1466"]
[PlyCount "70"]
[EventDate "2009.10.01"]
[EventType "swiss"]
[EventRounds "7"]
[EventCountry "GER"]
[SourceTitle "EXT 2011"]
[Source "ChessBase"]
[SourceDate "2010.11.26"]
[SourceVersion "1"]
[SourceVersionDate "2010.11.26"]
[SourceQuality "1"]

1. e4 e6 2. d4 d5 3. Nc3 dxe4 4. Nxe4 Nf6 5. Bg5 Nbd7 6. Nf3 Be7 7. Nxf6+ Nxf6 8. Bd3 b6 9. Ne5 0-0 10. Bxf6 Bxf6 11. Be4 Bxe5 12. Bxa8 Bxd4 13. c3 Bc5 14. Qxd8 Rxd8 15. Bf3 Ba6 16. Be2 Bb7 17. f3 Kf8 18. Rd1 Rxd1+ 19. Kxd1 a5 20. Kc2 Bc6 21. Bd3 g6 22. Re1 Bd6 23. h3 Bg3 24. Rd1 Ke7 25. Be4 Ba4+ 26. b3 Bb5 27. c4 Bd7 28. Kd2 f5 29. Bd3 h5 30. Ke3 h4 31. Be2 g5 32. Rd4 Bd6 33. Rd1 Bg3 34. Rb1 Bd6 35. Rd1 Bg3 1/2-1/2

[Event "Goch op 19th"]
[Site "Goch"]
[Date "2008.10.12"]
[Round "7"]
[White "Rothkugel, Wolfgang"]
[Black "Bender, Andreas"]
[Result "0-1"]
[WhiteElo "2045"]
[BlackElo "1767"]
[PlyCount "111"]
[EventDate "2008.10.09"]
[EventType "swiss"]
[EventRounds "7"]
[EventCountry "GER"]
[SourceTitle "EXT 2011"]
[Source "ChessBase"]
[SourceDate "2010.11.26"]
[SourceVersion "1"]
[SourceVersionDate "2010.11.26"]
[SourceQuality "1"]

1. d4 d5 2. c4 e6 3. Nf3 Nf6 4. Nc3 Nbd7 5. Bg5 Be7 6. e3 0-0 7. Bd3 dxc4 8. Bxc4 a6 9. a4 c5 10. 0-0 b6 11. Re1 Bb7 12. Qe2 Ne4 13. Bxe7 Qxe7 14. Nd2 Nxd2 15. Qxd2 Nf6 16. e4 Rfd8 17. d5 Qc7 18. Rad1 exd5 19. Nxd5 Bxd5 20. Bxd5 Nxd5 21. exd5 Qd6 22. Qe3 Ra7 23. f4 Kf8 24. g3 Re7 25. Qc3 Rde8 26. Rxe7 Rxe7 27. Qd3 Qg6 28. d6 Re1+ 29. Kf2 Rxd1 30. Qxd1 Ke8 31. Qd5 Kd7 32. Qb7+ Kxd6 33. Qxb6+ Kd5 34. Qb3+ Kc6 35. Qc4 Kb7 36. Qd5+ Kb6 37. a5+ Kb5 38. b3 Qc2+ 39. Kf3 Kxa5 40. Qxf7 Qc3+ 41. Ke4 Qd4+ 42. Kf3 Kb4 43. Qb7+ Kc3 44. Kg4 Qd1+ 45. Kg5 Qd4 46. h4 Qf6+ 47. Kg4 h5+ 48. Kf3 Qd4 49. Kg2 a5 50. Qf3+ Kc2 51. Qb7 Kd2 52. Qc7 Qe4+ 53. Kh2 Qe2+ 54. Kh3 Qe6+ 55. Kg2 Qxb3 56. Qxc5 0-1

[Event "Goch op 19th"]
[Site "Goch"]
[Date "2008.10.11"]
[Round "5"]
[White "Ratzmann, Stefan"]
[Black "Bender, Andreas"]
[Result "1/2-1/2"]
[WhiteElo "2004"]
[BlackElo "1767"]
[PlyCount "101"]
[EventDate "2008.10.09"]
[EventType "swiss"]
[EventRounds "7"]
[EventCountry "GER"]
[SourceTitle "EXT 2011"]
[Source "ChessBase"]
[SourceDate "2010.11.26"]
[SourceVersion "1"]
[SourceVersionDate "2010.11.26"]
[SourceQuality "1"]

1. d4 d5 2. Nf3 Nf6 3. e3 Bf5 4. c4 e6 5. Qb3 b6 6. Nc3 Nbd7 7. cxd5 exd5 8. Nxd5 c6 9. Nxf6+ Nxf6 10. Ne5 Be6 11. Bc4 Qc8 12. Bxe6 Qxe6 13. Qxe6+ fxe6 14. Nxc6 Rc8 15. Ne5 Bb4+ 16. Kd1 Ne4 17. Rf1 0-0 18. f4 Rc7 19. Nd3 Be7 20. Bd2 Rfc8 21. Rc1 Rxc1+ 22. Bxc1 a5 23. Nf2 Nd6 24. Re1 b5 25. Re2 Nf5 26. Rc2 Rxc2 27. Kxc2 Kf7 28. Bd2 a4 29. Kd3 Ke8 30. Ne4 Kd7 31. Be1 Kc6 32. g4 Nh6 33. h3 Nf7 34. a3 Nd8 35. Bb4 Bxb4 36. axb4 h6 37. Nc5 Kd6 38. e4 g6 39. h4 Nc6 40. Kc3 Ne7 41. Nd3 h5 42. g5 Kc6 43. Ne5+ Kd6 44. Kd3 Kc7 45. d5 exd5 46. exd5 Kd6 47. Kd4 Nf5+ 48. Ke4 Nxh4 49. Nxg6 Nxg6 50. f5 Ne7 51. f6 1/2-1/2

[Event "Goch op 19th"]
[Site "Goch"]
[Date "2008.10.09"]
[Round "1"]
[White "Vasiljev, Jurij"]
[Black "Bender, Andreas"]
[Result "1/2-1/2"]
[WhiteElo "2137"]
[BlackElo "1767"]
[PlyCount "115"]
[EventDate "2008.10.09"]
[EventType "swiss"]
[EventRounds "7"]
[EventCountry "GER"]
[SourceTitle "EXT 2011"]
[Source "ChessBase"]
[SourceDate "2010.11.26"]
[SourceVersion "1"]
[SourceVersionDate "2010.11.26"]
[SourceQuality "1"]

1. d4 d5 2. c4 e6 3. Nc3 Nf6 4. Nf3 Nbd7 5. Bg5 Be7 6. e3 0-0 7. Qc2 dxc4 8. Bxc4 a6 9. 0-0 b5 10. Bd3 Bb7 11. e4 h6 12. Bh4 c5 13. e5 Nd5 14. Bxe7 Qxe7 15. Nxd5 Bxd5 16. Qe2 Rac8 17. a4 c4 18. Be4 b4 19. a5 Nb8 20. Nd2 Nc6 21. Bxd5 exd5 22. Qe3 f5 23. f4 Nd8 24. Qf3 Qd7 25. Rfc1 Ne6 26. Qe3 Rc7 27. b3 c3 28. Nf3 Rfc8 29. Rc2 Rb7 30. Nh4 Nc7 31. Re1 Qe6 32. g4 fxg4 33. f5 Qe7 34. Ng6 Qe8 35. Qf4 Ne6 36. Qxg4 Ng5 37. h4 Ne4 38. Rf1 Rc6 39. f6 gxf6 40. Rg2 Rg7 41. Qh5 Kh7 42. Qf5 Rxg6 43. h5 fxe5 44. hxg6+ Rxg6 45. dxe5 Ng5 46. Rf4 Qe7 47. Kf1 Kg7 48. Rd4 Qb7 49. Qd3 Ne4 50. Rxg6+ Kxg6 51. Ke1 Qe7 52. Qxa6+ Kh7 53. Rxe4 dxe4 54. Qf6 Qc5 55. Qf5+ Kg7 56. Qf6+ Kh7 57. Qf7+ Kh8 58. Qf6+ 1/2-1/2

[Event "NRW-ch U14"]
[Site "Kranenburg"]
[Date "2008.03.29"]
[Round "7"]
[White "Bender, Andreas"]
[Black "Schulze, Marc Andre"]
[Result "1-0"]
[WhiteElo "1596"]
[BlackElo "1465"]
[PlyCount "57"]
[EventDate "2008.03.24"]
[EventType "swiss"]
[EventRounds "7"]
[EventCountry "GER"]
[SourceTitle "EXT 2009"]
[Source "ChessBase"]
[SourceDate "2008.11.26"]
[SourceVersion "1"]
[SourceVersionDate "2008.11.26"]
[SourceQuality "1"]

1. e4 c5 2. Nc3 Nc6 3. Bb5 Nd4 4. Bc4 d6 5. Nge2 e6 6. Nxd4 cxd4 7. Ne2 e5 8. 0-0 Nf6 9. d3 Be7 10. Bb5+ Bd7 11. Bxd7+ Qxd7 12. Ng3 0-0 13. Bg5 Rfc8 14. Nf5 h6 15. Bxf6 Bxf6 16. Qg4 Qb5 17. Nxd6 Qc6 18. Nxc8 Rxc8 19. Qd1 Bg5 20. g3 Qxc2 21. f4 Bf6 22. Rc1 Qxb2 23. Rxc8+ Kh7 24. Qc2 Qb5 25. Qc4 Qd7 26. Rc7 Qg4 27. Qxf7 exf4 28. Qxf6 fxg3 29. Qf5+ 1-0

[Event "NRW-ch U14"]
[Site "Kranenburg"]
[Date "2008.03.27"]
[Round "5"]
[White "Bender, Andreas"]
[Black "Hendriks, Nicklas"]
[Result "1-0"]
[WhiteElo "1596"]
[BlackElo "1630"]
[PlyCount "49"]
[EventDate "2008.03.24"]
[EventType "swiss"]
[EventRounds "7"]
[EventCountry "GER"]
[SourceTitle "EXT 2009"]
[Source "ChessBase"]
[SourceDate "2008.11.26"]
[SourceVersion "1"]
[SourceVersionDate "2008.11.26"]
[SourceQuality "1"]

1. e4 e5 2. Nf3 Nf6 3. Nxe5 d6 4. Nf3 Nxe4 5. Nc3 d5 6. Qe2 Qe7 7. Nxd5 Qc5 8. Qxe4+ Be6 9. Nf4 Nd7 10. Nxe6 fxe6 11. Qxe6+ Be7 12. d4 Qxc2 13. Bc4 0-0-0 14. 0-0 Rhe8 15. Bb3 Qd3 16. Qc4 Qg6 17. Bf4 c6 18. Qa4 Rf8 19. Bg3 Nb8 20. Rac1 h5 21. Rfe1 Bd6 22. Re6 Qg4 23. Rxd6 Rxd6 24. Bxd6 Rxf3 25. Qxa7 1-0

[Event "NRW-ch U14"]
[Site "Kranenburg"]
[Date "2008.03.25"]
[Round "3"]
[White "Bender, Andreas"]
[Black "Miller, Eduard"]
[Result "0-1"]
[WhiteElo "1596"]
[BlackElo "1743"]
[PlyCount "111"]
[EventDate "2008.03.24"]
[EventType "swiss"]
[EventRounds "7"]
[EventCountry "GER"]
[SourceTitle "EXT 2009"]
[Source "ChessBase"]
[SourceDate "2008.11.26"]
[SourceVersion "1"]
[SourceVersionDate "2008.11.26"]
[SourceQuality "1"]

1. d4 d5 2. Nf3 Nc6 3. c4 Nf6 4. g3 Bf5 5. Nc3 e6 6. Bg5 Be7 7. e3 h6 8. Bxf6 Bxf6 9. Qb3 Na5 10. Qa4+ c6 11. cxd5 exd5 12. Nd2 b5 13. Qd1 0-0 14. Bg2 Qd7 15. 0-0 Rfe8 16. Nb3 Nxb3 17. Qxb3 a5 18. Rac1 a4 19. Qd1 Qd6 20. a3 Qe6 21. Na2 Be7 22. Qd2 Rac8 23. Nb4 Bxb4 24. Qxb4 Bd3 25. Rfd1 Bc4 26. Re1 g6 27. e4 dxe4 28. Rxe4 Qf5 29. Rce1 Rxe4 30. Bxe4 Qd7 31. Qd2 Re8 32. Re3 Rd8 33. Qb4 Qd6 34. Qc5 Qxd4 35. Qxd4 Rxd4 36. Bxc6 Rd2 37. Re5 Rxb2 38. Kg2 Kg7 39. Kf3 Kf6 40. Re3 Rd2 41. h3 Bd5+ 42. Bxd5 Rxd5 43. g4 Rd4 44. Rc3 b4 45. axb4 Rxb4 46. Rc6+ Ke5 47. Ra6 Rb3+ 48. Kg2 a3 49. h4 Kd4 50. h5 Kc3 51. hxg6 fxg6 52. f4 Kb2 53. f5 gxf5 54. gxf5 a2 55. f6 a1Q 56. Rxa1 0-1

[Event "Duisburg Grossenbaum op"]
[Site "Duisburg"]
[Date "2006.06.02"]
[Round "1"]
[White "Bender, Andreas"]
[Black "Belitz, Marco"]
[Result "0-1"]
[WhiteElo "1420"]
[BlackElo "1898"]
[PlyCount "96"]
[EventDate "2006.06.02"]
[EventType "swiss"]
[EventRounds "7"]
[EventCountry "GER"]
[SourceTitle "EXT 2007"]
[Source "ChessBase"]
[SourceDate "2006.11.23"]
[SourceVersion "1"]
[SourceVersionDate "2006.11.23"]
[SourceQuality "1"]

1. e4 c5 2. Nf3 d6 3. Nc3 Nf6 4. Bb5+ Bd7 5. Bxd7+ Nbxd7 6. d3 g6 7. 0-0 Bg7 8. Re1 0-0 9. Bd2 a6 10. Qe2 Ne5 11. Nxe5 dxe5 12. Be3 b6 13. a3 e6 14. Bg5 Qc7 15. Qd2 c4 16. Rad1 cxd3 17. Qxd3 Rfd8 18. Qe2 Rxd1 19. Rxd1 Nd7 20. Qd2 Nf8 21. Qd6 Qxd6 22. Rxd6 b5 23. Rd8 Rxd8 24. Bxd8 Nd7 25. Na2 Nc5 26. f3 Nb7 27. Bh4 f5 28. Nb4 a5 29. Nd3 Kf7 30. Kf1 Nd6 31. Bg3 fxe4 32. Nxe5+ Bxe5 33. Bxe5 Nc4 34. f4 g5 35. g3 h5 36. Ke2 g4 37. Kf2 Kg6 38. Ke2 Nxe5 39. fxe5 Kf5 40. Ke3 Kxe5 41. b3 b4 42. a4 Kd5 43. Ke2 Kd4 44. Kd2 e3+ 45. Ke2 e5 46. Kd1 Kc3 47. Ke2 Kxc2 48. Kxe3 Kxb3 0-1